000 00552nam a2200181 i 4500
001 159183
003 ES-MaACL
005 20240516063059.0
008 040908s1894 fr |||| | fre d
040 _aCAM
_bspa
_cCAM
100 1 _aMaupassant, Guy de,
_d1850-1893
_979214
245 1 0 _aAu soleil /
_cGuy de Maupassant.
250 _aNouvelle éd. revue.
260 _aParis :
_bPaul Ollendorff,
_c1894 (
_fE. Kapp)
300 _a297 p. ;
_c19 cm.
852 _aES-MaACL
_jB-3224
_z-- Enc. pasta española
999 _c159183
_d159183